000
00489nam a2200181Ia 4500
008
090123s9999 xx 000 0 und d
082
_b
2032
_a
891.463/फडके
100
_a
फडके ना. सी.
245
_a
दौलत
250
_a
8
260
_b
सुलभ मुद्रणालय
300
_a
356
600
_a
फडके ना. सी.
630
_a
दौलत
700
_a
फडके ना. सी.
730
_a
दौलत
942
_c
BOOK
999
_c
40113
_d
40113